Certificación de Laboratorios de Servicio : (Record no. 23580)

000 -CABECERA
fixed length control field 01592nam a22003497a 4500
003 - IDENTIFICADOR DEL NÚMERO DE CONTROL
control field AR-CdUCM
008 - DATOS DE LONGITUD FIJA--INFORMACIÓN GENERAL
fixed length control field 260401b2024 pe ||||| |||| 00| 0 esp d
020 ## - NÚMERO INTERNACIONAL ESTÁNDAR DEL LIBRO
ISBN N° 978-612-00-9837-0
040 ## - FUENTE DE LA CATALOGACIÓN
Agencia/entidad que catalogó originalmente la obra MUNICIPALIDAD PROVINCIAL DEL CUSCO
Entidad que transcribió la catalogación BIBLIOTECA MUNICIPAL DEL CUSCO
082 ## - NÚMERO DE LA CLASIFICACIÓN DECIMAL DEWEY
No. de Clasificación 614.1 /
Notacion interna L64
100 ## - ENTRADA PRINCIPAL--NOMBRE DE PERSONA
Nombre Personal Limpe Ramos, Patricia
245 ## - MENCIÓN DE TÍTULO
Título Certificación de Laboratorios de Servicio :
Resto del título Seguridad y Salud Ocupacional /
260 ## - PUBLICACIÓN, DISTRIBUCIÓN, ETC.
Lugar de publicación, distribución, etc. Cusco - Perú :
Nombre de la editorial, distribuidor, etc. Limpe Ramos, Patricia,
Fecha de publicación, distribución, etc. 2024.
300 ## - DESCRIPCIÓN FÍSICA
Nº de Páginas Extensión 194 Páginas. :
Otros detalles físicos Cuadros, gráficos
Dimensiones 14 x 20 cm.
500 ## - NOTA GENERAL
Bibliografía Páginas 193 - 194
505 ## - NOTA DE CONTENIDO CON FORMATO
Nota de contenido formateada Contenido: Sección I. Generalidades -- Sección II. Directrices del Plan de Seguridad y Salud Ocupacional -- Sección III. Identificación de Peligros y Evaluación de Riesgos - Línea Base -- Sección IV. Planeamiento, Organización, Dirección y Control de Actividades -- Sección V. Plan de Contingencia -- Sección VI. Presupuesto Anual de Seguridad, Salud y Gestión Ambiental....
650 ## - PUNTO DE ACCESO ADICIONAL DE MATERIA--TÉRMINO DE MATERIA
Descriptor Política de Calidad
9 (RLIN) 52473
650 ## - PUNTO DE ACCESO ADICIONAL DE MATERIA--TÉRMINO DE MATERIA
Descriptor Metas y Objetivos
9 (RLIN) 52474
650 ## - PUNTO DE ACCESO ADICIONAL DE MATERIA--TÉRMINO DE MATERIA
Descriptor Valores
9 (RLIN) 5705
650 ## - PUNTO DE ACCESO ADICIONAL DE MATERIA--TÉRMINO DE MATERIA
Descriptor Liderazgo y Compromiso
9 (RLIN) 52475
650 ## - PUNTO DE ACCESO ADICIONAL DE MATERIA--TÉRMINO DE MATERIA
Descriptor Organigrama
9 (RLIN) 52476
650 ## - PUNTO DE ACCESO ADICIONAL DE MATERIA--TÉRMINO DE MATERIA
Descriptor Modelo de Sistema
9 (RLIN) 52477
650 ## - PUNTO DE ACCESO ADICIONAL DE MATERIA--TÉRMINO DE MATERIA
Descriptor Factores Químicos
9 (RLIN) 52478
650 ## - PUNTO DE ACCESO ADICIONAL DE MATERIA--TÉRMINO DE MATERIA
Descriptor Manejo de Equipos
9 (RLIN) 52479
650 ## - PUNTO DE ACCESO ADICIONAL DE MATERIA--TÉRMINO DE MATERIA
Descriptor Planeamiento de Actividades
9 (RLIN) 52480
650 ## - PUNTO DE ACCESO ADICIONAL DE MATERIA--TÉRMINO DE MATERIA
Descriptor Supervisión y Presupuesto
9 (RLIN) 52481
700 ## - PUNTO DE ACCESO ADICIONAL--NOMBRE DE PERSONA
Nombre Personal Bustamante Jaén, Julio Danilo
9 (RLIN) 52482
700 ## - PUNTO DE ACCESO ADICIONAL--NOMBRE DE PERSONA
Nombre Personal Sánchez Quispe, Honorato
9 (RLIN) 52483
942 ## - ELEMENTOS DE PUNTO DE ACCESO ADICIONAL (KOHA)
Fuente de clasificación
Tipo de item Libros-BMC
945 ## - PROCESAMIENTO DE INFORMACIÓN LOCAL (OCLC)
Catalogador jmcs
AAAA-MM-DD - Fecha de ingreso o modificacion 01/04/2026
Holdings
Estado de retiro (separado) Fuente de clasificación o esquema de estanterías Estado dañado Ubicación Sala donde se ubica Nombre de la colección Fecha de adquisición o compra Fuente de adquisición Costo, precio normal en soles Signatura topográfica Código de Barras Última vez visto (Koha) Tipo de ítem (Koha)
No     Sala Ciencias Sala Ciencias Book Cart 2026-04-01 Donación 15.00 614.1 / L64 SC0000002447 2026-04-01 Libros-BMC

Powered by Koha